<?xml version="1.0" encoding="UTF-8"?><?xml-stylesheet type="text/xsl" href="static/style.xsl"?><OAI-PMH xmlns="http://www.openarchives.org/OAI/2.0/" xmlns:xsi="http://www.w3.org/2001/XMLSchema-instance" xsi:schemaLocation="http://www.openarchives.org/OAI/2.0/ http://www.openarchives.org/OAI/2.0/OAI-PMH.xsd"><responseDate>2026-04-13T02:16:46Z</responseDate><request verb="GetRecord" identifier="oai:www.recercat.cat:2117/177594" metadataPrefix="marc">https://recercat.cat/oai/request</request><GetRecord><record><header><identifier>oai:recercat.cat:2117/177594</identifier><datestamp>2025-07-17T16:02:20Z</datestamp><setSpec>com_2072_1033</setSpec><setSpec>col_2072_452951</setSpec></header><metadata><record xmlns="http://www.loc.gov/MARC21/slim" xmlns:dcterms="http://purl.org/dc/terms/" xmlns:xsi="http://www.w3.org/2001/XMLSchema-instance" xmlns:doc="http://www.lyncode.com/xoai" xsi:schemaLocation="http://www.loc.gov/MARC21/slim http://www.loc.gov/standards/marcxml/schema/MARC21slim.xsd">
   <leader>00925njm 22002777a 4500</leader>
   <datafield ind2=" " ind1=" " tag="042">
      <subfield code="a">dc</subfield>
   </datafield>
   <datafield ind2=" " ind1=" " tag="720">
      <subfield code="a">Puig Aunión, Martí</subfield>
      <subfield code="e">author</subfield>
   </datafield>
   <datafield ind2=" " ind1=" " tag="260">
      <subfield code="c">2020-01-31</subfield>
   </datafield>
   <datafield ind2=" " ind1=" " tag="520">
      <subfield code="a">El presente trabajo de final de máster consiste en el diseño y la construcción de una estación automática de descarga de pallets de botellas vacías procedente de los camiones, mediante transportadores y alimentación de dos líneas de envasado mediante robot, asimismo como el posterior plegado de las cajas vacías, apilado y retorno al proveedor para un reciclaje.&#xd;
Para ello se introducirá al lector con una breve descripción del proceso, detallando los diferentes elementos y maquinaria que intervienen. Se seguirá con una explicación de los diferentes elementos y dispositivos de seguridad que ofrecen los fabricantes en el mercado&#xd;
actual, a la vez que se detallará la normativa asociada a la seguridad en entornos industriales.&#xd;
A continuación, se propone un diseño de instalación eléctrica, realizando una lista de todos aquellos elementos que se proponen para dotar a la zona, confeccionándose todo ello mediante la realización de los esquemas eléctricos y programa del autómata.</subfield>
   </datafield>
   <datafield tag="653" ind2=" " ind1=" ">
      <subfield code="a">Àrees temàtiques de la UPC::Enginyeria mecànica::Fabricació::Disseny i càlcul de màquines</subfield>
   </datafield>
   <datafield tag="653" ind2=" " ind1=" ">
      <subfield code="a">Shipping, storage, etc. --Automation</subfield>
   </datafield>
   <datafield tag="653" ind2=" " ind1=" ">
      <subfield code="a">Palets (Transport de mercaderies) -- Automatització -- PFM</subfield>
   </datafield>
   <datafield ind2="0" ind1="0" tag="245">
      <subfield code="a">Automatización de una estación de despaletizado</subfield>
   </datafield>
</record></metadata></record></GetRecord></OAI-PMH>